| 000 | 00984nam a2200229Ia 4500 | ||
|---|---|---|---|
| 003 | Ost | ||
| 005 | 20260507075520.0 | ||
| 008 | 260507s9999||||xx |||||||||||||| ||und|| | ||
| 020 | _a9789953515113 | ||
| 040 | _cfsecg | ||
| 041 | _aara | ||
| 082 | _a330 | ||
| 100 |
_aبيتبيز، جان بول _eمؤلف |
||
| 245 | 0 |
_aالمائة كلمة في الاقتصاد / _c جان بول بيتبيز |
|
| 260 |
_aبيروت: _bمجد المؤسسة الجامعية للدراسات والنشر, _c2008 |
||
| 300 |
_a159 صفحة؛ _c20 سم |
||
| 490 | _aطريق المعرفة | ||
| 520 | _aالأنا،حاجتي للمشروع،متى تهتم المؤسسة بحاجتي وأيضا بحاجات المؤسسات الأخرى،عندما تهتم المالية بالمؤسسة،عندما تهتم المنظمات والسلطات العامة بكل شيء | ||
| 653 | _aالاقتصاد | ||
| 700 |
_aجواد، نبيل _eمؤلف ثانوي |
||
| 942 | _cكتاب | ||
| 999 |
_c44770 _d44770 |
||